| 000 | 01782nam a22002297a 4500 | ||
|---|---|---|---|
| 008 | 241223e20240528po |||||o|||| 00| 0 eng d | ||
| 041 | _aeng | ||
| 110 | _aRoyal Institution of Chartered Surveyors | ||
| 245 |
_aMay 2024 RICS/Ci Portuguese Housing Market Survey _h[Electronic resource] |
||
| 260 |
_bRoyal Institution of Chartered Surveyors & Confidencial Imobilario _c28 May 2024 |
||
| 300 | _a5p | ||
| 490 | _aPortuguese Housing Market Survey | ||
| 520 | _aRICS, in partnership with Confidencial Imobiliario, produces the Portuguese Housing Market Survey, a sentiment survey that collects and analyses the opinions of professionals in agency and development about the prices, availability and demand of residential property in three areas of the country: Greater Lisbon, Greater Oporto and the Algarve. The May 2024 iteration of the RICS/Ci PHMS points to a largely steady picture across the sales market, with most metrics remaining in and around neutral territory. Elsewhere, the rising trend in demand across the rental market appears to have been maintained, while a lack of new rental properties being listed also continues to be cited. Starting with new buyer enquiries, the latest reading came in at zero, which is little changed from last month’s -2%. As such, this again points to a stable picture for demand within the sales market. | ||
| 650 | _aHOUSING MARKET | ||
| 650 | _aRESIDENTIAL PROPERTY | ||
| 651 | _aPortugal | ||
| 690 |
_aResidential property _96266 |
||
| 710 | _aRoyal Institution of Chartered Surveyors | ||
| 710 | _aConfidencial Imobiliário | ||
| 856 |
_uhttps://www.rics.org/content/dam/ricsglobal/documents/market-surveys/Portuguese-housing-market-survey-May-2024.pdf _zAvailable free on RICS.org |
||
| 942 | _n0 | ||
| 999 |
_c122079 _d122079 |
||